| 000 | 00488nam a2200121Ia 4500 | ||
|---|---|---|---|
| 008 | 160712s9999 xx 000 0 und d | ||
| 100 | _aDavid, Carlos Primo C. | ||
| 245 |
_cCarlos Primo C. David, _aA Manifestation of Climate Change? A Look at Typhoon Yolanda in Relation to the Historical Tropical Cyclone Archive |
||
| 260 |
_c2013 _bScience Diliman |
||
| 300 | _avol. 25 no. 2 | ||
| 650 | _xSCIENCE | ||
| 856 | _uhttp://journals.upd.edu.ph/index.php/sciencediliman/issue/view/409/showToc | ||
| 999 |
_c297345 _d297345 |
||